000 00328nam a2200145Ia 4500
100 _akING/ g.j.
650 _aElectrical Engineering
942 _cBK
654 _aT.V.
245 _aBeginner''''s guide to colour T.V.
260 _bNewrus Tech. Books
_aLondon
_c1981
082 _a621.3
300 _a189
546 _aENGLISH
999 _c23475
_d23475